000 00844cab a2200241 4500
001 ABS59840
008 090401t1998 xxu||||| |||| 00| 0 eng d
035 _a(Sirsi) u90189
041 _aeng
100 _aKitchen, T.
245 _aTough decisions facing planning system
260 _c1998
350 _a0
490 _aProperty Forecast
_v1(9) December 1998, 4-5(2)
520 _aTo make the planning system work in the 21st century this article suggests that current debate should focus on five inter-related challenges - sustainability, public involvement, development to make it helpful and speedy, regionalism and best value.
650 _aDEVELOPMENT PLANS
650 _aPLANNING SYSTEM
650 _aREFORM
650 _aSustainability
_96271
690 _aPLANNING LAW AND PRACTICE
942 _n0
948 _c08/12/1998
999 _c57141
_d57141